Người nhập cư có làm hỏng văn hoá Hà Nội? (Nghiên cứu trường hợp một tổ dân phố thuộc quận Hoàng Mai) /
Shranjeno v:
| Glavni avtor: | |
|---|---|
| Format: | Bài viết |
| Jezik: | Vietnamese |
| Teme: | |
| Oznake: |
Označite
Brez oznak, prvi označite!
|
| Thư viện lưu trữ: | Thư viện Trường Đại học Đà Lạt |
|---|
| LEADER | 00833nam a2200265 4500 | ||
|---|---|---|---|
| 001 | DLU180184948 | ||
| 005 | ##20180517 | ||
| 040 | # | # | |a DLU |b vie |
| 041 | # | # | |a vie |
| 044 | # | # | |a vn |
| 100 | # | # | |a Đinh Việt Hà. |
| 245 | # | # | |a Người nhập cư có làm hỏng văn hoá Hà Nội? (Nghiên cứu trường hợp một tổ dân phố thuộc quận Hoàng Mai) / |c Đinh Việt Hà. |
| 653 | # | # | |a Hà Nội |
| 653 | # | # | |a Người nhập cư |
| 653 | # | # | |a Văn hoá |
| 773 | # | # | |t Tạp chí Văn hoá dân gian |g Số 1(139), 2012, tr. 66-78 |
| 920 | # | # | |a Phòng Tạp chí -- Trung tâm Thông tin - Thư viện Trường Đại học Đà Lạt |
| 994 | # | # | |a DLU |
| 900 | # | # | |a True |
| 911 | # | # | |a Trần Thị Minh Hương |
| 925 | # | # | |a G |
| 926 | # | # | |a A |
| 927 | # | # | |a BB |
| 980 | # | # | |a Thư viện Trường Đại học Đà Lạt |